Que contient le sac à main des Françaises ? - Statistiques

Statistiques générales
  • Ce quiz a été pris 152 fois
  • Le résultat moyen est 10 sur 21
Statistiques - réponses
Hint Indice Réponse % Correct
Essentiels Pour l'odeur Parfum
88%
Essentiels Pour se faire belle Maquillage | Cosmétiques | Rouge à lèvres | Brosse | Peigne
85%
Secondaires Pour la vue Lunettes | Lunettes de soleil
78%
Secondaires Pour noter Stylo | Crayon
76%
Secondaires Pour se désaltérer Gourde | Bouteille
71%
Secondaires Pour entendre Ecouteurs | Casque
64%
Essentiels Pour ouvrir Clés | Carte de voiture
59%
Essentiels Pour acheter Porte-monnaie
56%
Essentiels Pour acheter Carte de paiement | Carte bancaire | Chéquier
55%
Personnels Pour la santé Médicaments | Pansements | Crème | Pommade
55%
Secondaires Pour noter Carnet | Calepin
54%
Essentiels Pour communiquer Téléphone portable
49%
Secondaires Pour avoir chaud Echarpe
44%
Personnels Pour l'hygiène Tampon | Protection
38%
Essentiels Pour tout Mouchoirs | Lingettes
35%
Personnels Pour passer le temps Livre | Revue
31%
Personnels Pour le souvenir Photos | Petits objets
31%
Secondaires Pour ne pas oublier Agenda
17%
Secondaires Pour les données Clé USB
14%
Essentiels Pour se présenter Papiers d'identité | Carte d'identité Passeport
7%
Personnels Pour le cas où Sucre | Ketchup
2%
Aucun quiz correspondant
Distribution des résultats
% des personnes avec chaque résultat
Percentile par nombre de réponses
Votre historique - résultats
Vous n’avez pas pris ce quiz